[Event "ITT Bent Larsen In Memorial 2011"]
[Site "Buenos Aires ARG"]
[Date "2011.08.28"]
[Round "7.3"]
[White "Antonio, Jorge Carlos"]
[Black "Tristan, Leonardo"]
[Result "1/2-1/2"]
[WhiteElo "2314"]
[BlackElo "2450"]
[PlyCount "57"]
[EventDate "2011.08.24"]
[EventType "tourn"]
[EventRounds "9"]
[EventCountry "ARG"]
[EventCategory "3"]
[Source "lmi"]
[SourceDate "2011.08.24"]

1. d4 d6 2. c4 f5 3. g3 Nf6 4. Bg2 g6 5. Nf3 Bg7 6. Nc3 O-O 7. O-O Nc6 8. d5
Na5 9. Qd3 c5 10. Bg5 h6 11. Bd2 Ne4 12. Rab1 Nxd2 13. Nxd2 Bd7 14. b3 a6 15.
Rfc1 Qe8 16. b4 cxb4 17. Rxb4 Rc8 18. e3 b5 19. Ne2 bxc4 20. Qa3 Rc5 21. Nxc4
Nxc4 22. Rbxc4 Rxc4 23. Rxc4 Bb5 24. Rc2 Bxe2 25. Rxe2 Qb5 26. Rc2 Qb1+ 27. Qc1
Qxc1+ 28. Rxc1 Rb8 29. Bf1 1/2-1/2

[Event "ITT Bent Larsen In Memorial 2011"]
[Site "Buenos Aires ARG"]
[Date "2011.08.28"]
[Round "7.4"]
[White "Sandoval, Teofilo"]
[Black "Altamirano, Benjamin"]
[Result "0-1"]
[WhiteElo "2104"]
[BlackElo "2240"]
[PlyCount "100"]
[EventDate "2011.08.24"]
[EventType "tourn"]
[EventRounds "9"]
[EventCountry "ARG"]
[EventCategory "3"]
[Source "lmi"]
[SourceDate "2011.08.24"]

1. e4 c5 2. f4 d5 3. e5 Nc6 4. Nf3 Bg4 5. Bb5 Qb6 6. a4 a6 7. Bxc6+ Qxc6 8. h3
Bxf3 9. Qxf3 e6 10. c4 Ne7 11. d3 dxc4 12. Qxc6+ Nxc6 13. dxc4 Nb4 14. Na3
O-O-O 15. Ke2 f6 16. exf6 gxf6 17. Bd2 Nd3 18. b3 Bh6 19. Rhf1 Rhe8 20. g3 e5
21. f5 Bxd2 22. Kxd2 Nf4+ 23. Kc2 Nxh3 24. Rh1 Ng5 25. Rh6 Rd6 26. Rd1 Red8 27.
Rxd6 Rxd6 28. Nb1 Ne4 29. g4 Rd7 30. a5 Kd8 31. Rh4 Ke8 32. g5 Nxg5 33. Nc3 Rd4
34. Rh6 Kf7 35. Na4 Kg7 36. Rh2 Ne4 37. Nb6 Nd6 38. Nd7 Nxf5 39. Nxc5 Rg4 40.
Nxb7 Nd4+ 41. Kb2 Rg3 42. Nc5 f5 43. b4 f4 44. Nxa6 f3 45. Rh1 f2 46. Rf1 Rf3
47. b5 e4 48. b6 e3 49. b7 Nc6 50. Nb4 e2 0-1

[Event "ITT Bent Larsen In Memorial 2011"]
[Site "Buenos Aires ARG"]
[Date "2011.08.28"]
[Round "7.5"]
[White "Sapienza, Julian"]
[Black "Vargas Maliqueo, Ivan Patricio"]
[Result "1-0"]
[WhiteElo "2219"]
[BlackElo "2198"]
[PlyCount "55"]
[EventDate "2011.08.24"]
[EventType "tourn"]
[EventRounds "9"]
[EventCountry "ARG"]
[EventCategory "3"]
[Source "lmi"]
[SourceDate "2011.08.24"]

1. e4 c5 2. b4 cxb4 3. Bc4 e6 4. Qe2 Ne7 5. e5 d5 6. Bb3 Nbc6 7. Nf3 Nf5 8. Bb2
h5 9. a3 Bd7 10. axb4 Bxb4 11. c3 Ba5 12. Ba3 d4 13. O-O Bb6 14. Bc2 Nh4 15.
Re1 Nxf3+ 16. Qxf3 Qg5 17. Bd6 f6 18. Na3 O-O-O 19. Nc4 Bc7 20. Reb1 a6 21.
cxd4 Qg4 22. Rxa6 bxa6 23. Qb3 Nb4 24. Qxb4 Bb5 25. Qc5 Rd7 26. Nb6+ Kd8 27.
Nxd7 Bxd6 28. Qxd6 1-0

[Event "ITT Bent Larsen In Memorial 2011"]
[Site "Buenos Aires ARG"]
[Date "2011.08.29"]
[Round "8.1"]
[White "Saldaño Dayer, Horacio"]
[Black "Claverie, Raul Ricardo"]
[Result "1-0"]
[WhiteElo "2428"]
[BlackElo "2480"]
[PlyCount "77"]
[EventDate "2011.08.24"]
[EventType "tourn"]
[EventRounds "9"]
[EventCountry "ARG"]
[EventCategory "3"]
[Source "lmi"]
[SourceDate "2011.08.24"]

1. e4 e6 2. d4 d5 3. Nc3 Nc6 4. Nf3 Nf6 5. Bg5 Be7 6. e5 Ne4 7. Bxe7 Qxe7 8.
Bd3 Qb4 9. O-O Nxc3 10. bxc3 Qxc3 11. Rb1 Qa3 12. Ng5 h6 13. Qh5 Nd8 14. f4 c6
15. Nh7 Rxh7 16. Bxh7 Qe3+ 17. Kh1 Qxd4 18. f5 Qxe5 19. Rbe1 Qd6 20. f6 Qf8 21.
Bd3 g6 22. Qe5 Kd7 23. Bxg6 b6 24. Bd3 b5 25. Re3 Nb7 26. Rg3 Nd6 27. Qh5 Kc7
28. Bh7 Bd7 29. Rg8 Qxg8 30. Bxg8 Rxg8 31. Qxh6 c5 32. Qg7 Re8 33. h4 e5 34. h5
Nf5 35. Rxf5 Bxf5 36. Qxf7+ Bd7 37. Qxe8 Bxe8 38. h6 Bg6 39. f7 1-0

[Event "ITT Bent Larsen In Memorial 2011"]
[Site "Buenos Aires ARG"]
[Date "2011.08.29"]
[Round "8.3"]
[White "Perelman, Hernan"]
[Black "Sandoval, Teofilo"]
[Result "1-0"]
[WhiteElo "2335"]
[BlackElo "2104"]
[PlyCount "30"]
[EventDate "2011.08.24"]
[EventType "tourn"]
[EventRounds "9"]
[EventCountry "ARG"]
[EventCategory "3"]
[Source "lmi"]
[SourceDate "2011.08.24"]

1. d4 c6 2. c4 d6 3. Nc3 g6 4. Nf3 Bg7 5. g3 f6 6. Bg2 Nh6 7. O-O Nf7 8. Rb1
O-O 9. b4 Na6 10. Qb3 Nc7 11. d5 cxd5 12. cxd5 a6 13. Nd4 f5 14. Rd1 Ne5 15. b5
axb5 1-0

[Event "ITT Bent Larsen In Memorial 2011"]
[Site "Buenos Aires ARG"]
[Date "2011.08.29"]
[Round "8.4"]
[White "Vargas Maliqueo, Ivan Patricio"]
[Black "Antonio, Jorge Carlos"]
[Result "0-1"]
[WhiteElo "2198"]
[BlackElo "2314"]
[PlyCount "42"]
[EventDate "2011.08.24"]
[EventType "tourn"]
[EventRounds "9"]
[EventCountry "ARG"]
[EventCategory "3"]
[Source "lmi"]
[SourceDate "2011.08.24"]

1. Nf3 d5 2. d4 c6 3. c4 Nf6 4. Nc3 e6 5. Bg5 Be7 6. e3 O-O 7. Rc1 Nbd7 8. cxd5
exd5 9. Bd3 Re8 10. O-O Ne4 11. Bf4 Nxc3 12. Rxc3 Nf6 13. Qa4 Ne4 14. Rc2 Bf5
15. Rd1 f6 16. Nh4 Bd7 17. Bxe4 dxe4 18. Qb3+ Kh8 19. d5 Be6 20. Qxb7 Bxd5 21.
Nf5 Qb6 0-1

[Event "ITT Bent Larsen In Memorial 2011"]
[Site "Buenos Aires ARG"]
[Date "2011.08.29"]
[Round "8.5"]
[White "Altamirano, Benjamin"]
[Black "Sapienza, Julian"]
[Result "1-0"]
[WhiteElo "2240"]
[BlackElo "2219"]
[PlyCount "75"]
[EventDate "2011.08.24"]
[EventType "tourn"]
[EventRounds "9"]
[EventCountry "ARG"]
[EventCategory "3"]
[Source "lmi"]
[SourceDate "2011.08.24"]

1. d4 d6 2. e4 Nf6 3. Nc3 g6 4. Nf3 Bg7 5. h3 O-O 6. Be3 c6 7. a4 a5 8. Be2 Na6
9. O-O Nc7 10. Nd2 d5 11. e5 Nd7 12. f4 f5 13. Qe1 b6 14. Bf3 Ba6 15. Ne2 Bxe2
16. Qxe2 Ne6 17. c4 Nc7 18. g4 Kh8 19. gxf5 gxf5 20. Kh2 Rg8 21. Rac1 e6 22.
cxd5 cxd5 23. Rc6 Rb8 24. Rfc1 Rb7 25. Bg2 Bf8 26. Qh5 Nb8 27. R6c2 Ne8 28. Rc8
Ng7 29. Rxd8 Nxh5 30. Bf3 Ng3 31. Rcc8 Nd7 32. Bf2 Ne4 33. Nxe4 fxe4 34. Bg4
Rxg4 35. hxg4 Kg7 36. f5 Bb4 37. f6+ Kf7 38. Rg8 1-0

[Event "ITT Bent Larsen In Memorial 2011"]
[Site "Buenos Aires ARG"]
[Date "2011.08.30"]
[Round "9.1"]
[White "Claverie, Raul Ricardo"]
[Black "Tristan, Leonardo"]
[Result "1/2-1/2"]
[WhiteElo "2480"]
[BlackElo "2450"]
[PlyCount "47"]
[EventDate "2011.08.24"]
[EventType "tourn"]
[EventRounds "9"]
[EventCountry "ARG"]
[EventCategory "3"]
[Source "lmi"]
[SourceDate "2011.08.24"]

1. d4 d6 2. Nf3 f5 3. g3 Nf6 4. Bg2 g6 5. O-O Bg7 6. c4 O-O 7. Nc3 Nc6 8. d5
Ne5 9. Nxe5 dxe5 10. e4 f4 11. gxf4 Nh5 12. fxe5 Bxe5 13. Ne2 Qd6 14. f4 Nxf4
15. Nxf4 Bxf4 16. Bxf4 Rxf4 17. Rxf4 Qxf4 18. Qd4 Qg5 19. Kh1 Bg4 20. Rf1 e5
21. Qf2 Qe7 22. c5 Rd8 23. b4 Kg7 24. h3 1/2-1/2

[Event "ITT Bent Larsen In Memorial 2011"]
[Site "Buenos Aires ARG"]
[Date "2011.08.30"]
[Round "9.2"]
[White "Sandoval, Teofilo"]
[Black "Saldaño Dayer, Horacio"]
[Result "0-1"]
[WhiteElo "2104"]
[BlackElo "2428"]
[PlyCount "59"]
[EventDate "2011.08.24"]
[EventType "tourn"]
[EventRounds "9"]
[EventCountry "ARG"]
[EventCategory "3"]
[Source "lmi"]
[SourceDate "2011.08.24"]

1. Nf3 c5 2. b3 Nc6 3. Bb2 d6 4. e3 e5 5. d4 e4 6. Nfd2 Nf6 7. d5 Nb4 8. c4 Bf5
9. Nc3 Be7 10. a3 Na6 11. Be2 h5 12. Qc2 Bg6 13. O-O-O Ng4 14. Rdf1 f5 15. Bxg4
hxg4 16. Ne2 Rg8 17. h3 gxh3 18. Rxh3 Bf6 19. Rfh1 Qe7 20. Bxf6 Qxf6 21. Qc3
Qxc3+ 22. Nxc3 Nc7 23. a4 Ke7 24. Kd1 Ne8 25. f3 Nf6 26. Ke2 a6 27. a5 Rae8 28.
Kf2 Kf7 29. f4 Ke7 30. Na4 0-1

[Event "ITT Bent Larsen In Memorial 2011"]
[Site "Buenos Aires ARG"]
[Date "2011.08.30"]
[Round "9.3"]
[White "Zapata Ferrada, Marco"]
[Black "Vargas Maliqueo, Ivan Patricio"]
[Result "1-0"]
[WhiteElo "2380"]
[BlackElo "2198"]
[PlyCount "57"]
[EventDate "2011.08.24"]
[EventType "tourn"]
[EventRounds "9"]
[EventCountry "ARG"]
[EventCategory "3"]
[Source "lmi"]
[SourceDate "2011.08.24"]

1. e4 c5 2. Nf3 d6 3. d4 cxd4 4. Nxd4 Nf6 5. Nc3 e6 6. Be3 Be7 7. f3 O-O 8. Qd2
a6 9. O-O-O Nbd7 10. g4 h6 11. h4 Qc7 12. g5 Nh5 13. gxh6 g6 14. Bg5 Bf6 15.
Rg1 b5 16. Kb1 Rb8 17. f4 Bb7 18. f5 b4 19. Na4 Bxd4 20. Qxd4 Bc6 21. fxg6 fxg6
22. Be7 Bxa4 23. b3 e5 24. Qd2 Bb5 25. Bxb5 axb5 26. Rxg6+ Kh7 27. Rxd6 Nc5 28.
Bxf8 Rxf8 29. Qg5 1-0

[Event "ITT Bent Larsen In Memorial 2011"]
[Site "Buenos Aires ARG"]
[Date "2011.08.30"]
[Round "9.5"]
[White "Antonio, Jorge Carlos"]
[Black "Altamirano, Benjamin"]
[Result "0-1"]
[WhiteElo "2314"]
[BlackElo "2240"]
[PlyCount "54"]
[EventDate "2011.08.24"]
[EventType "tourn"]
[EventRounds "9"]
[EventCountry "ARG"]
[EventCategory "3"]
[Source "lmi"]
[SourceDate "2011.08.24"]

1. e4 d5 2. exd5 Qxd5 3. Nc3 Qa5 4. d4 c6 5. Bd3 g6 6. Bd2 Qd8 7. Nge2 Bg7 8.
Be3 Nf6 9. f3 Nd5 10. Nxd5 cxd5 11. c3 Nc6 12. Qd2 Bf5 13. Bxf5 gxf5 14. Qd3 e6
15. O-O-O h5 16. Rhg1 Qa5 17. Kb1 Qa6 18. Qxa6 bxa6 19. c4 dxc4 20. d5 exd5 21.
Rxd5 Rb8 22. Bd4 Nxd4 23. Nxd4 O-O 24. g4 fxg4 25. h3 f5 26. hxg4 fxg4 27. fxg4
h4 0-1